<?xml version="1.0" encoding="UTF-8"?>
<marc:record xmlns:marc="http://www.loc.gov/MARC21/slim">
   <marc:leader>00000nam a2200000 a 4500</marc:leader>
   <marc:datafield ind1="1" ind2=" " tag="100">
      <marc:subfield code="a">Heidenreich, Elke</marc:subfield>
      <marc:subfield code="4">aut</marc:subfield>
      <marc:subfield code="e">Verfasser/-in</marc:subfield>
   </marc:datafield>
   <marc:datafield ind1="0" ind2="0" tag="245">
      <marc:subfield code="a">Männer in Kamelhaarmänteln</marc:subfield>
   </marc:datafield>
   <marc:datafield ind1="0" ind2="0" tag="245">
      <marc:subfield code="b">Kurze Geschichten über Kleider und Leute</marc:subfield>
   </marc:datafield>
   <marc:datafield ind1="0" ind2="0" tag="245">
      <marc:subfield code="c">Elke Heidenreich</marc:subfield>
   </marc:datafield>
   <marc:datafield ind1=" " ind2="1" tag="264">
      <marc:subfield code="a">Berlin</marc:subfield>
      <marc:subfield code="b">hanserblau</marc:subfield>
      <marc:subfield code="c">2020</marc:subfield>
   </marc:datafield>
   <marc:datafield ind1=" " ind2=" " tag="250">
      <marc:subfield code="a">1. Aufl.</marc:subfield>
   </marc:datafield>
   <marc:datafield ind1="1" ind2=" " tag="520">
      <marc:subfield code="a">Elke Heidenreich kennt sich aus, mit Jacke und Hose, Rock und Hut - vor allem aber mit den Menschen. Gut aussehen wollen alle, aber steckt nicht noch viel mehr dahinter? Warum sind einem die Jugendfotos im Faltenrock so peinlich? Warum kauft man sich etwas, was einem weder passt noch steht? Wenn Elke Heidenreich von Kleidern erzählt, dann erzählt sie vom Leben selber: von sich mit sechzehn, von Freundinnen und Freunden, von Liebe und Trennung, erzählt Geschichten, komisch und traurig wie nur sie es kann, in denen jeder sich wiedererkennt: sei's in ausgeleierten Jeans, sei's in der wunderbaren Bluse, die schon keine Farben mehr hat, oder schlimmstenfalls im Kamelhaarmantel.</marc:subfield>
   </marc:datafield>
   <marc:datafield ind1=" " ind2=" " tag="020">
      <marc:subfield code="a">9783446268388</marc:subfield>
      <marc:subfield code="9">9783446268388</marc:subfield>
   </marc:datafield>
   <marc:datafield ind1=" " ind2=" " tag="020">
      <marc:subfield code="a">3446268383</marc:subfield>
      <marc:subfield code="9">3446268383</marc:subfield>
   </marc:datafield>
   <marc:datafield ind1=" " ind2=" " tag="300">
      <marc:subfield code="a">221 S., fest geb.</marc:subfield>
   </marc:datafield>
</marc:record>
